Human behavior in business
Saved in:
| Main Authors: | , |
|---|---|
| Format: | Bog |
| Sprog: | engelsk |
| Udgivet: |
Nueva York
Appleton-Century-Crofts
1972
|
| Fag: | |
| Tags: |
Tilføj Tag
Ingen Tags, Vær først til at tagge denne postø!
|
MARC
| LEADER | 00000nam a2200000 a 4500 | ||
|---|---|---|---|
| 001 | UCQ0691 | ||
| 003 | CL-VaPUC | ||
| 008 | 980703e19720000US |||||||||||||||||eng|d | ||
| 082 | 0 | 4 | |a 658.3 |b RUS |2 21 |
| 100 | 0 | |a Russell, G. Hugh |e author |9 413979 | |
| 700 | 0 | |a Black, Kenneth |e author |9 413980 | |
| 245 | 1 | 0 | |a Human behavior in business |
| 300 | |a 201 p | ||
| 942 | |c BK | ||
| 945 | |d 19980703 00:00:00 |a cmena | ||
| 260 | |a Nueva York |b Appleton-Century-Crofts |c 1972 | ||
| 650 | 0 | |a Psicología industrial |9 271739 | |
| 650 | 7 | |a PSICOLOGIA OCUPACIONAL |2 CL-VaPUC |9 334638 | |
| 650 | 0 | |a Psicología social |9 222894 | |
| 650 | 0 | |a Administración del personal |9 260442 | |
| 650 | 0 | |a Relaciones laborales |9 335971 | |
| 650 | 7 | |a SOCIOLOGIA INDUSTRIAL |2 CL-VaPUC |9 307184 | |
| 650 | 7 | |a CONFLICTO LABORAL |2 CL-VaPUC |9 354657 | |
| 650 | 0 | |a Administración de empresas |9 260833 | |
| 583 | |a last modification |c 19980703 00:00:00 |k Rodrigo Vera | ||
| 999 | |c 271728 |d 271726 | ||
| 952 | |0 0 |1 0 |4 0 |6 658_300000000000000_RUS_1972 |7 0 |8 P |9 306475 |a BIBGIM |b BIBGIM |d 2019-11-20 |i 1430270 |o 658.3 RUS 1972 |p 1430270 |r 2025-01-15 |w 2019-11-20 |y BK |k COM | ||